Ľudské zdroje - regionálne disparity v kontexte politiky súdržnosti EÚ 2007-2013 na Slovensku
Regionálne disparity - teoretické východiská. Regionálne disparity v oblasti ľudských zdrojov v jednotlivých krajoch SR v rokoch 2007 a 2015. Realizované výdavky z operačných programov Vzdelávanie a Zamestnanosť a sociálna inklúzia. Podpora ľudských zdrojov v rámci politiky súdržnoti 2007-2013.
Saved in:
| Main Author: | |
|---|---|
| Other Authors: | |
| Format: | Book Chapter |
| Language: | Slovak |
| Subjects: | |
| Tags: |
No Tags, Be the first to tag this record!
|
MARC
| LEADER | 00000naa a2200000 4500 | ||
|---|---|---|---|
| 001 | 0241646 | ||
| 005 | 20180329104750.2 | ||
| 041 | 0 | |a slo | |
| 044 | |a SK | ||
| 245 | 1 | 0 | |a Ľudské zdroje - regionálne disparity v kontexte politiky súdržnosti EÚ 2007-2013 na Slovensku |c Eva Rajčáková, Angelika Švecová |
| 520 | |a Regionálne disparity - teoretické východiská. Regionálne disparity v oblasti ľudských zdrojov v jednotlivých krajoch SR v rokoch 2007 a 2015. Realizované výdavky z operačných programov Vzdelávanie a Zamestnanosť a sociálna inklúzia. Podpora ľudských zdrojov v rámci politiky súdržnoti 2007-2013. | ||
| 610 | 2 | 0 | |a rozdiely regionálne |
| 610 | 2 | 0 | |a regióny |
| 610 | 2 | 0 | |a kraje |
| 610 | 2 | 0 | |a zdroje ľudské |
| 610 | 2 | 0 | |a programy operačné |
| 610 | 2 | 0 | |a fondy štruktúrne |
| 610 | 2 | 0 | |a vzdelávanie |
| 610 | 2 | 0 | |a zamestnanosť |
| 610 | 2 | 0 | |a nezamestnanosť |
| 610 | 2 | 0 | |a miera nezamestnanosti |
| 610 | 2 | 0 | |a Slovensko |
| 610 | 2 | 0 | |a Európska únia |
| 100 | 1 | |a Rajčáková, Eva | |
| 700 | 1 | |a Švecová, Angelika | |